Above suspicion /

Bibliographic Details
Main Author: MacInnes, Helen, 1907-1985
Format: Book
Language:English
Published: Boston : Little, Brown & Co., 1941.

MARC

Tag First Indicator Second Indicator Subfields
LEADER 00000cam a2200000 4500
001 in00000683521
005 20170222095001.0
008 711118s1941 mau 00011 eng u
010 |a  41011684  
035 |a (OCoLC)00172795 
035 |9 ADA0776AM 
040 |c MSC  |d TXA  |d UtOrBLW 
049 |a TXAM  |c 1 [856907]  |c 2 [169636] 
050 4 |a PZ3.M189  |b Ab  |a PS3525.A24573 
090 |a PS3525.A24573  |b A26 1941 
100 1 |a MacInnes, Helen,  |d 1907-1985. 
245 1 0 |a Above suspicion /  |c by Helen MacInnes. 
264 1 |a Boston :  |b Little, Brown & Co.,  |c 1941. 
300 |a 333p. ;  |c 21cm. 
336 |a text  |b txt  |2 rdacontent 
337 |a unmediated  |b n  |2 rdamedia 
338 |a volume  |b nc  |2 rdacarrier 
999 |a MARS 
999 f f |s 59d68761-66c2-3c8c-b55b-994e1bc817c2  |i a4173d8f-278e-32b7-aaa7-c3991e5e8a1e  |t 0 
952 f f |p normal  |a Texas A&M University  |b College Station  |c Sterling C. Evans Library  |s Evans stk  |d Evans: Library Stacks  |t 0  |e PS3525.A24573 A26 1941  |h Library of Congress classification  |i unmediated -- volume  |m A14804255840 
998 f f |a PS3525.A24573 A26 1941  |t 0  |l Evans: Library Stacks